000 01656nam a2200409 i 4500
003 CO-BoRNBP
005 20230411192603.0
007 ta
008 220207t2021 ck ||||| |||| 00| 0dspa d
020 _a9789587534283
040 _aCO-BoRNBP
_bspa
_erda
_cCO-BoRNBP
041 0 _aspa
043 _as-ck---
082 0 4 _a860.8
_bM35b15
_223
245 0 0 _aTengo los pies en la cabeza
_bBerichá (Esperanza Aguablanca)
_cprólogo Adriana María Campos Umbarila ; edición Camila Charry Noriega ; transcripción David Espinosa ; corrección Ludwing Cepeda Aparicio ; ilustraciones Luceli Aguablanca
250 _aOctava edición
264 1 _aBogotá, Colombia
_bMinisterio de Cultura
_c2021
264 4 _c©2021
300 _a172 páginas
_c21 cm
336 _atexto
_btxt
_2rdacontent
337 _asin mediación
_bn
_2rdamedia
338 _avolumen
_bnc
_2rdacarrier
490 0 _aBiblioteca de Escritoras Colombianas
_v15
490 0 _aTestimonio
500 _aIncluye datos biográficos de la autora
600 1 4 _aAguablanca, Esperanza
_d1948-2011
_vBiografías
_qBerichá
_91151
650 1 7 _aLiteratura colombiana
_ySiglo XIX
_2ARMARC
_91088
650 1 7 _aTunebos
_xAspectos sociales
_xRelatos personales
_2ARMARC
_91152
650 1 7 _aIndígenas
_xVida social y costumbres
_2ARMARC
_91153
651 4 _aSierra Nevada del Cocuy, Colombia
_91154
700 1 _aCampos Umbarila, Adriana María
_eprologuista
_91155
700 1 _aCharry Noriega, Camila
_eeditora
_91125
700 1 _aEspinosa, David
_etranscriptor
_91131
700 1 _aCepeda Aparicio, Ludwing
_ecorrector
_91092
700 1 _aAguablanca, Luceli
_eilustradora
_91156
942 _2ddc
_cBK
999 _c9373
_d9373